000 00545nam a2200217Ia 4500
003 OSt
005 20220926012529.0
006 a|||||r|||| 00| 0
007 ta
008 220923b |||||||| |||| 00| 0 eng d
037 _cGeneral Book
040 _aRTL
_cRTL
_beng
041 _2eng
_aeng
082 _aG:5, L6
245 0 _aWEB OF life
_b The ecology of earth
260 _aNew York
_bDoubleday & Co U S A
_c1976
490 _vV1
650 _aBiology
_97
942 _hG:5, L6
_cGB
_2CC
999 _c623422
_d623422